000 00928cad a22002055a 4500
001 E148533
008 090930s2009 xxk f 000 0 eng d
035 _a(Sirsi) u148533
041 0 _aeng
050 0 4 _a346.4104343 $2 18
110 2 _aColliers International
_95548
245 0 0 _aWorldwide leasing guidelines
_boverview
_h[electronic resource]
260 _a[S.l.]
_bColliers
_c2007
520 _aProvides information on leases in a number of major countries currently active in this field. Covers the length of the lease, how rent is quoted, whether options to renew or extend the lease are available, primary markets for each country, and the contact details of the relevant Colliers Office.
590 _aKA
651 4 _aInternational
690 _aPROPERTY-COMMERCIAL PROPERTY-COMMERCIAL LANDLORD AND TENANT
856 4 0 _uhttps://www.colliers.com
_zView the item free of charge at www.colliers.com...
942 _n0
999 _c110089
_d110089